[Event "Fredericia Chess 2024 WIM"]
[Site "Fredericia Denmark"]
[Date "2024.05.10"]
[Round "4.5"]
[White "Jakobsen, Shanne Hedegaard"]
[Black "Bochnickova, Simona"]
[Result "1-0"]
[WhiteElo "1956"]
[BlackElo "2031"]
[WhiteFideId "1462296"]
[BlackFideId "14958562"]
[SourceTitle "Live"]

1. d4   Nf6  2. Nf3   g6  3. c4   c5  4. Nc3   cxd4  5. Nxd4   Bg7  6. e4   Nc6  7. Be3   O-O  8. Be2   d6  9. O-O   Bd7  10. h3  10... Nxd4  11. Bxd4   Bc6  12. Qc2   Nd7  13. Bxg7   Kxg7  14. b4   b6  15. Qd2   Rc8  16. Rac1   Nf6  17. Qe3   Qc7  18. Rfd1   Qb7  19. Rd4   Kg8  20. b5  20... Be8  21. f4   Rc5  22. e5   dxe5  23. fxe5   Nd7  24. Nd5   Kg7  25. Rh4   h5  26. Rxh5   gxh5  27. Qg5+   Kh8  28. Qh6+   Kg8  29. Nxe7#  1-0

[Event "Fredericia Chess 2024 WIM"]
[Site "Fredericia Denmark"]
[Date "2024.05.10"]
[Round "5.1"]
[White "Doluhanova, Evgeniya"]
[Black "Dalsberg, Sandra de Blecourt"]
[Result "1-0"]
[WhiteElo "2272"]
[BlackElo "2083"]
[WhiteFideId "14112035"]
[SourceTitle "Live"]

1. Nf3   c5  2. e3   d6  3. d4   Nf6  4. Nc3   Nbd7  5. Bc4   e6  6. O-O   Be7  7. d5   exd5  8. Nxd5   Nxd5  9. Bxd5   Nb6  10. e4  10... O-O  11. h3   Re8  12. Bf4   Nxd5  13. Qxd5   Be6  14. Qd3   d5  15. Rad1   dxe4  16. Qxe4   Qc8  17. Rfe1   b5  18. b3   h6  19. Ne5   Bf6  20. c4  20... b4  21. Qf3   Qa6  22. Nd3   Bc3  23. Nxc5   Qc8  24. Nxe6   Bxe1  25. Nc7   Bc3  1-0

[Event "Fredericia Chess 2024 WIM"]
[Site "Fredericia Denmark"]
[Date "2024.05.10"]
[Round "5.2"]
[White "Olde, Margareth"]
[Black "Zaritovskaja, Margarita"]
[Result "1-0"]
[WhiteElo "2145"]
[BlackElo "2033"]
[WhiteFideId "4503082"]
[BlackFideId "14149249"]
[SourceTitle "Live"]

1. d4   Nf6  2. c4   e6  3. Nf3   d5  4. g3   dxc4  5. Bg2   a6  6. O-O   Nc6  7. e3   Rb8  8. Qe2   b5  9. b3   cxb3  10. Nfd2  10... Bb7  11. Nxb3   Be7  12. Bb2   O-O  13. Rc1   Nd5  14. N1d2   Ba8  15. a4   bxa4  16. Rxa4   Ncb4  17. e4   Bc6  18. Rxc6   Nxc6  19. exd5   exd5  20. Rxa6  20... Nb4  21. Ra1   Bf6  22. Qf3   Re8  23. Bc3   c6  24. Bf1   Qb6  25. Nc5   Qd8  26. Ndb3   Re7  27. Ra4   Nc2  28. Qd1   Nxd4  29. Bxd4   Bxd4  30. Qxd4  30... Qd6  31. Qf4   Qd8  32. Bd3   g6  33. Kg2   h5  34. h4   Ra8  35. Rxa8   Qxa8  36. Qd6   Re1  37. Nd7   c5  38. Nbxc5   d4+  39. Be4   Rxe4  40. Nf6+  1-0

[Event "Fredericia Chess 2024 WIM"]
[Site "Fredericia Denmark"]
[Date "2024.05.10"]
[Round "5.3"]
[White "Butenandt, Svenja"]
[Black "Martynkova, Olena"]
[Result "0-1"]
[WhiteElo "2198"]
[BlackElo "2202"]
[WhiteFideId "12993859"]
[BlackFideId "14134039"]
[SourceTitle "Live"]

1. d4   d5  2. c4   c6  3. Nc3   Nf6  4. Nf3   e6  5. Bg5   Nbd7  6. cxd5   exd5  7. e3   Be7  8. Bd3   Nh5  9. Bxe7   Qxe7  10. O-O  10... Nhf6  11. Qc2   O-O  12. Rab1   Re8  13. b4   a6  14. a4   Ne4  15. Bxe4   dxe4  16. Nd2   Nf6  17. b5   axb5  18. axb5   Nd5  19. bxc6   bxc6  20. Ne2  20... Ba6  21. Nc4   c5  22. Rfd1   Nb4  23. Qc3   Qe6  24. d5   Nxd5  25. Qb3   Nxe3  26. Qxe3   Qxc4  27. Nf4   Rad8  28. Rdc1   Qd4  29. Rxc5   Qd1+  30. Qe1  30... Qxe1+  31. Rxe1   h6  32. h4   Bc8  33. Re3   Kf8  34. g3   Rd1+  35. Kh2   Bg4  36. Rd5   Rf1  37. Rd2   Ra8  38. Rb2   Bf3  39. Ng2   Raa1  40. g4  40... Rh1+  41. Kg3   Rag1  42. Rxf3   exf3  43. Kxf3   Rh3+  0-1

[Event "Fredericia Chess 2024 WIM"]
[Site "Fredericia Denmark"]
[Date "2024.05.10"]
[Round "5.4"]
[White "Sevcikova, Lucia"]
[Black "Jakobsen, Shanne Hedegaard"]
[Result "1/2-1/2"]
[WhiteElo "2008"]
[BlackElo "1956"]
[WhiteFideId "14940744"]
[BlackFideId "1462296"]
[SourceTitle "Live"]

1. d4   d5  2. c4   c6  3. Nf3   Nf6  4. e3   e6  5. b3   Ne4  6. Bd3   Bb4+  7. Nfd2   O-O  8. O-O   f5  9. f3   Nf6  10. Bb2  10... Bd6  11. Nc3   Qc7  12. f4   Ne4  13. Nf3   Qe7  14. a3   Bd7  15. Bxe4   fxe4  16. Ne5   Be8  17. g4   Nd7  18. Nxd7   Bxd7  19. g5   h6  20. h4  20... Be8  21. c5   Bc7  22. b4   Bg6  23. Qg4   Bf5  24. Qg2   Qf7  25. Qe2   Bg6  26. Qg4   h5  27. Qg2   Bf5  28. a4   Bg4  29. Ba3   Bf3  30. Qg3  30... Bg4  31. Rab1   a6  32. a5  1/2-1/2

[Event "Fredericia Chess 2024 WIM"]
[Site "Fredericia Denmark"]
[Date "2024.05.10"]
[Round "5.5"]
[White "Bochnickova, Simona"]
[Black "Kakulidis, Ellen"]
[Result "1-0"]
[WhiteElo "2031"]
[BlackElo "2062"]
[WhiteFideId "14958562"]
[BlackFideId "1444972"]
[SourceTitle "Live"]

1. e4   c5  2. Nf3   d6  3. d4   cxd4  4. Nxd4   Nf6  5. Nc3   a6  6. h3   e5  7. Nf3   Be7  8. g4   h6  9. a4   Qc7  10. g5  10... hxg5  11. Nxg5   Bg4  12. Be2   Bxe2  13. Qxe2   Nbd7  14. Be3   Nb6  15. Rd1   Rc8  16. Rg1   Nc4  17. Bc1   Qa5  18. Kf1   Nb6  19. Qf3   Nxa4  20. Qf5  20... Rc6  21. Nd5   Qb5+  22. Kg2   Rf8  23. Nxf6+   Bxf6  24. Nh7   Nxb2  25. Nxf6+   gxf6  26. Qxf6   Qb6  27. Bg5   Qc7  28. Rd5   Nc4  29. Rgd1   Rg8  30. h4  30... Qd7  31. Kh2   a5  32. h5   Kf8  33. h6   Rg6  34. h7   Rxf6  35. h8=Q+   Ke7  36. Qxf6+  1-0

[Event "Fredericia Chess 2024 WIM"]
[Site "Fredericia Denmark"]
[Date "2024.05.11"]
[Round "6.1"]
[White "Butenandt, Svenja"]
[Black "Doluhanova, Evgeniya"]
[Result "0-1"]
[WhiteElo "2198"]
[BlackElo "2272"]
[WhiteFideId "12993859"]
[BlackFideId "14112035"]
[SourceTitle "Live"]

1. d4   Nf6  2. c4   e6  3. Nc3   Bb4  4. e3   O-O  5. Bd2   c5  6. a3   Bxc3  7. Bxc3   Ne4  8. Ne2   b6  9. d5   Ba6  10. b3  10... Qh4  11. g3   Qh5  12. Bg2   exd5  13. Qxd5   Qxe2+  14. Kxe2   Nxc3+  15. Kd2   Nxd5  16. Bxd5   Nc6  17. b4   cxb4  18. axb4   Bb7  0-1

[Event "Fredericia Chess 2024 WIM"]
[Site "Fredericia Denmark"]
[Date "2024.05.11"]
[Round "6.2"]
[White "Dalsberg, Sandra de Blecourt"]
[Black "Olde, Margareth"]
[Result "0-1"]
[WhiteElo "2083"]
[BlackElo "2145"]
[BlackFideId "4503082"]
[SourceTitle "Live"]

1. d4   Nf6  2. c4   e6  3. Nc3   Bb4  4. e3   O-O  5. Ne2   Re8  6. a3   Bf8  7. Ng3   d5  8. cxd5   exd5  9. Bd3   g6  10. O-O  10... Bg7  11. Bd2   h5  12. h3   Nbd7  13. Rc1   c6  14. Kh1   h4  15. Nge2   Ne4  16. Nxe4   dxe4  17. Bb1   Nf6  18. Nc3   Bf5  19. f4   Qd7  20. Kh2  20... Nh5  21. Be1   Bf6  22. d5   Rad8  23. Ba2   Kg7  24. Qa4   cxd5  25. Qxd7   Rxd7  26. Bxd5   Ng3  27. Rf2   Rc8  28. Rd1   Rcd8  29. Bb3   Rxd1  30. Nxd1  30... Be6  31. Bc2   Bc4  32. Bc3   Bd3  33. Bb3   Bxc3  34. Nxc3   Nf1+  35. Kg1   Nxe3  36. Rd2   Re8  37. Kf2   Nf5  38. Rd1   Ng3  39. Ke1   Rc8  40. Rd2  40... b5  41. Bc2   Bxc2  42. Rxc2   e3  43. Rc1   Nh5  44. Ke2   Nxf4+  45. Kxe3   g5  46. Rd1   Nxg2+  47. Kf3   Nf4  48. Nxb5   Rb8  49. Nxa7   Rxb2  50. a4  50... Ra2  51. Rd4   Ra3+  52. Kg4   Kg6  53. Rd6+   f6  54. Ra6   Rg3#  0-1

[Event "Fredericia Chess 2024 WIM"]
[Site "Fredericia Denmark"]
[Date "2024.05.11"]
[Round "6.3"]
[White "Martynkova, Olena"]
[Black "Jakobsen, Shanne Hedegaard"]
[Result "1/2-1/2"]
[WhiteElo "2202"]
[BlackElo "1956"]
[WhiteFideId "14134039"]
[BlackFideId "1462296"]
[SourceTitle "Live"]

1. Nf3   d5  2. g3   Nf6  3. Bg2   Bf5  4. O-O   e6  5. d3   c5  6. Nbd2   Nc6  7. c3   h6  8. Re1   Be7  9. Qb3   Qb6  10. Qa4  10... Qc7  11. e4   Bh7  12. exd5   Nxd5  13. Ne5   Nb6  14. Bxc6+   bxc6  15. Qxc6+   Qxc6  16. Nxc6   Bxd3  17. Nxe7   Kxe7  18. b3   a5  19. a4   c4  20. bxc4  20... Nxc4  21. Nxc4   Bxc4  22. Rb1   Rhb8  23. Bf4   Rb3  24. Rxb3   Bxb3  25. Ra1   Rc8  26. Ra3   Bc4  27. Be3   Rc6  28. Bd4   f6  29. f4   g5  30. Ra1  30... Bd5  31. Ra3   Bc4  32. Ra1   Bd5  33. Ra3   Bc4  34. Ra1  1/2-1/2

[Event "Fredericia Chess 2024 WIM"]
[Site "Fredericia Denmark"]
[Date "2024.05.11"]
[Round "6.4"]
[White "Zaritovskaja, Margarita"]
[Black "Bochnickova, Simona"]
[Result "0-1"]
[WhiteElo "2033"]
[BlackElo "2031"]
[WhiteFideId "14149249"]
[BlackFideId "14958562"]
[SourceTitle "Live"]

1. e4   c5  2. Nf3   d6  3. d4   cxd4  4. Nxd4   Nf6  5. Nc3   a6  6. Be3   e5  7. Nb3   Be7  8. f3   Be6  9. Qd2   h5  10. O-O-O  10... b5  11. Kb1   Nbd7  12. Nd5   Nxd5  13. exd5   Bf5  14. Bd3   Bxd3  15. Qxd3   Bg5  16. Bf2   Rc8  17. Be1   Qc7  18. Ba5   Qc4  19. Qf5   Bh6  20. Nd2  20... Qa4  21. Nb3   g6  22. Qd3   Qc4  23. Rhe1   O-O  24. a3   f5  25. Bb4   Rf6  26. Qxc4   bxc4  27. Na5   Nb6  28. Nb7   Rb8  29. Na5   Rc8  30. Nb7  30... Rb8  31. Na5   Kf7  32. g3   g5  33. b3   cxb3  34. cxb3   Ke8  35. Re2   Rc8  36. Nb7   Kd7  37. Rc2   Rxc2  38. Kxc2   g4  39. Ba5   Nxd5  40. Rxd5  40... Kc6  41. Rxd6+   Rxd6  42. Nxd6   gxf3  43. Ne4   fxe4  44. Kd1   e3  45. Bc3   Kd5  46. a4   e2+  47. Ke1   Be3  48. h3   Ke4  49. g4   Kd3  0-1

[Event "Fredericia Chess 2024 WIM"]
[Site "Fredericia Denmark"]
[Date "2024.05.11"]
[Round "6.5"]
[White "Kakulidis, Ellen"]
[Black "Sevcikova, Lucia"]
[Result "1/2-1/2"]
[WhiteElo "2062"]
[BlackElo "2008"]
[WhiteFideId "1444972"]
[BlackFideId "14940744"]
[SourceTitle "Live"]

1. d4   d5  2. c4   c6  3. cxd5   cxd5  4. Bf4   Nc6  5. Nc3   e6  6. Nf3   Bd6  7. Bxd6   Qxd6  8. e3   Nf6  9. Bd3   O-O  10. O-O  10... a6  11. Na4   Nb4  12. Be2   Bd7  13. Nc5   b6  14. Nxd7   Nxd7  15. a3   Nc6  16. Rc1   Rfc8  17. Rc3   b5  18. Qa1   Na5  19. Rfc1   Nb6  20. b3  20... Qd8  21. Qb2   f6  22. Ne1   Nb7  23. Nd3   Rxc3  24. Rxc3   Rc8  25. Bg4   f5  26. Bf3   Rxc3  27. Qxc3   Qc8  28. Qxc8+   Nxc8  29. Nb4   Na5  30. Nxa6  30... Nxb3  31. Nc7   Kf7  32. Nxb5   Nb6  33. Kf1   Ke7  34. Bd1   Na5  35. Ke2   Kd7  36. Kd3   Nbc4  37. Kc3   Kc6  38. a4   Nb7  39. Be2   Nca5  40. Kb4  40... Kb6  41. g4   Nc6+  42. Ka3   g6  43. gxf5   gxf5  44. Bh5   Nca5  45. Be8   Nc4+  46. Kb4   Nb2  47. Bd7   Nd8  48. a5+   Kb7  49. a6+   Kxa6  50. Nc7+  50... Kb6  51. Nxe6   Nxe6  52. Bxe6   Nd1  53. Bxd5   Nxf2  54. Bf3   f4  55. exf4   Nd3+  56. Kc4   Nxf4  57. h4   h6  58. Kc3   Kc7  59. Kd2   Kd6  60. Ke3  60... Ne6  61. d5   Nc7  62. Kf4   Nxd5+  63. Bxd5   Kxd5  64. Kf5   h5  65. Kf6   Kd6  66. Kg5   Ke5  67. Kxh5   Kf5  68. Kh6   Kf6  69. Kh7   Kf7  70. h5  70... Kf8  71. Kh6   Kg8  72. Kg6   Kh8  73. h6   Kg8  74. h7+   Kh8  75. Kh6  1/2-1/2

[Event "Fredericia Chess 2024 WIM"]
[Site "Fredericia Denmark"]
[Date "2024.05.11"]
[Round "7.1"]
[White "Doluhanova, Evgeniya"]
[Black "Martynkova, Olena"]
[Result "1-0"]
[WhiteElo "2272"]
[BlackElo "2202"]
[WhiteFideId "14112035"]
[BlackFideId "14134039"]
[SourceTitle "Live"]

1. Nf3   Nf6  2. g3   d5  3. Bg2   Bf5  4. c4   c6  5. cxd5   cxd5  6. Qb3   Qc8  7. Nc3   e6  8. Nh4   Bg6  9. d3   Be7  10. e4  10... dxe4  11. dxe4   Nc6  12. O-O   O-O  13. Nxg6   hxg6  14. Bf4   Nd7  15. Rfd1   g5  16. Be3   Nde5  17. Rac1   Ng4  18. Nd5   exd5  19. exd5   Na5  20. Qa4  20... Qd8  21. Qxg4   b5  22. d6   Bf6  23. Bxa8   Qxa8  24. Bxg5   Bxb2  25. d7   Nb7  26. Rc8  1-0

[Event "Fredericia Chess 2024 WIM"]
[Site "Fredericia Denmark"]
[Date "2024.05.11"]
[Round "7.2"]
[White "Olde, Margareth"]
[Black "Butenandt, Svenja"]
[Result "1/2-1/2"]
[WhiteElo "2145"]
[BlackElo "2198"]
[WhiteFideId "4503082"]
[BlackFideId "12993859"]
[SourceTitle "Live"]

1. d4   Nf6  2. c4   e6  3. Nf3   d5  4. g3   Bb4+  5. Bd2   a5  6. Qc2   O-O  7. Bg2   c5  8. dxc5   d4  9. Ne5   Bxc5  10. O-O  10... Qc7  11. Nd3   Nfd7  12. Nxc5   Nxc5  13. Na3   Nc6  14. Nb5   Qd8  15. Rad1   e5  16. a3   Bg4  17. f3   Bh5  18. b4   Na6  19. Qb2   Qb6  20. Kh1  20... f6  21. Rc1   Rfd8  22. g4   Bf7  23. f4   axb4  24. axb4   Bxc4  25. Rxc4   Qxb5  26. Qc2   Rac8  27. Be4   h6  28. Rc1   Ne7  29. Qd3   Rxc4  30. Rxc4  30... Qd7  31. fxe5   fxe5  32. Qg3   b5  33. Rc1   Qe6  34. g5   hxg5  35. Bxg5   Nxb4  36. Bxe7   Qxe7  37. Qh3   Nd5  38. Qh7+   Kf7  39. Qh5+   Kg8  40. Qh7+  40... Kf7  41. Qh5+   Kg8  42. Qh7+  1/2-1/2

[Event "Fredericia Chess 2024 WIM"]
[Site "Fredericia Denmark"]
[Date "2024.05.11"]
[Round "7.3"]
[White "Bochnickova, Simona"]
[Black "Dalsberg, Sandra de Blecourt"]
[Result "1-0"]
[WhiteElo "2031"]
[BlackElo "2083"]
[WhiteFideId "14958562"]
[SourceTitle "Live"]

1. e4   c5  2. Nf3   e6 3. d4   cxd4  4. Nxd4   Nc6  5. Nc3   a6  6. Qd3   Nxd4  7. Qxd4   b5  8. Be2   Bb7  9. Be3   Ne7  10. O-O  10... Nc6  11. Qd2   Qc7  12. Rad1   Rd8  13. Bg5   Be7  14. Bxb5   axb5  15. Nxb5   Qb8  16. Bxe7   Nxe7  17. Nd6+   Kf8  18. Qf4   f6  19. e5   Ng6  20. Qa4  20... Bc6  21. Qa3   Qa8  22. Qc5   Kg8  23. exf6   gxf6  24. Rd3   Qxa2  25. Re1   Kg7  26. f4   Ra8  27. f5   Qa5  28. Qf2   exf5  29. Nxf5+   Kf8  30. Rd6  30... Ne5  31. Rxf6+   Ke8  32. Nd6+   Kd8  33. Rxe5   Qxe5  34. Nf7+   Kc7  35. Nxe5   Ra1+  36. Qf1   Rxf1+  37. Kxf1   Be4  38. c3   Rb8  39. b4   Re8  40. Nf3  40... Bd3+  41. Kf2   Re2+  42. Kg3   Bg6  43. Nd4   Re3+  44. Rf3  1-0

[Event "Fredericia Chess 2024 WIM"]
[Site "Fredericia Denmark"]
[Date "2024.05.11"]
[Round "7.4"]
[White "Jakobsen, Shanne Hedegaard"]
[Black "Kakulidis, Ellen"]
[Result "1-0"]
[WhiteElo "1956"]
[BlackElo "2062"]
[WhiteFideId "1462296"]
[BlackFideId "1444972"]
[SourceTitle "Live"]

1. d4   d5  2. c4   c6  3. Nf3   Nf6  4. Qc2   dxc4  5. Qxc4   Bf5  6. g3   e6  7. Bg2   Nbd7  8. O-O   Be7  9. Nc3   O-O  10. e3  10... Rc8  11. Qe2   Bg6  12. Rd1   Qc7  13. e4   e5  14. Nxe5   Nxe5  15. dxe5   Qxe5  16. f4   Qa5  17. Bh3   Bc5+  18. Kg2   Nxe4  19. Nxe4   Rce8  20. f5  20... Qa4  21. Re1   Bxf5  22. Bxf5   g6  23. Nf6+  1-0

[Event "Fredericia Chess 2024 WIM"]
[Site "Fredericia Denmark"]
[Date "2024.05.11"]
[Round "7.5"]
[White "Sevcikova, Lucia"]
[Black "Zaritovskaja, Margarita"]
[Result "1/2-1/2"]
[WhiteElo "2008"]
[BlackElo "2033"]
[WhiteFideId "14940744"]
[BlackFideId "14149249"]
[SourceTitle "Live"]

1. d4   Nf6  2. c4   c5  3. d5   b5  4. cxb5   a6  5. bxa6   g6  6. Nc3   Bg7  7. e4   d6  8. Bb5+   Bd7  9. Bxd7+   Nfxd7  10. Nf3  10... O-O  11. O-O   Nxa6  12. Qe2   Qa5  13. Bg5   Rfe8  14. Rfc1   h6  15. Bf4   Nc7  16. Nd2   Qa6  17. Qe3   Kh7  18. a3   Reb8  19. Rab1   Rb6  20. Nf3  20... Rb3  21. Nd2   Rb6  22. Nf3   Rb3  23. Nd2   Rb6  24. Nf3  1/2-1/2

[Event "Fredericia Chess 2024 WIM"]
[Site "Fredericia Denmark"]
[Date "2024.05.12"]
[Round "8.1"]
[White "Doluhanova, Evgeniya"]
[Black "Olde, Margareth"]
[Result "1-0"]
[WhiteElo "2272"]
[BlackElo "2145"]
[WhiteFideId "14112035"]
[BlackFideId "4503082"]
[SourceTitle "Live"]

1. e4   c5  2. Nf3   e6  3. g3   d5  4. exd5   exd5  5. d4   Nc6  6. Bg2   Bg4  7. dxc5   Qe7+  8. Kf1   Qxc5  9. Nc3   Nf6  10. h3  10... Bh5  11. Be3   Qc4+  12. Qe2   O-O-O  13. Rd1   Bb4  14. Nb5   Rhe8  15. Qxc4   dxc4  16. Rxd8+   Rxd8  17. c3   Ba5  18. Nfd4   a6  19. Bxc6   bxc6  20. Na7+  20... Kb7  21. Naxc6   Rd5  22. f4   Bg6  23. Ne5   Bb6  24. Ke2   Ne4  25. Rg1   Nd6  26. Nxg6   hxg6  27. Rd1   Ne4  28. Kf3   f5  29. g4   Bxd4  30. Rxd4  30... Rb5  31. Rxc4   Rxb2  32. Rb4+   Rxb4  33. cxb4   Nf6  34. Bd4   fxg4+  35. hxg4   Nd5  36. a3   Kc6  37. Bxg7   Nb6  38. f5   gxf5  39. gxf5   Kd5  40. Kf4  40... Nc4  41. a4   Nd6  42. Bc3   Ne4  43. f6   Nd6  44. Kg5   Ke6  45. Kg6   Nf5  46. a5   Nh4+  47. Kh7   Kf7  48. b5   Ng6  49. bxa6   Nf8+  50. Kh6  50... Ne6  51. a7   Nc7  52. Be5   Na8  53. Kg5  1-0

[Event "Fredericia Chess 2024 WIM"]
[Site "Fredericia Denmark"]
[Date "2024.05.12"]
[Round "8.2"]
[White "Martynkova, Olena"]
[Black "Kakulidis, Ellen"]
[Result "1/2-1/2"]
[WhiteElo "2202"]
[BlackElo "2062"]
[WhiteFideId "14134039"]
[BlackFideId "1444972"]
[SourceTitle "Live"]

1. d4   d5  2. c4   c6  3. Nf3   Nf6  4. Nc3   dxc4  5. a4   Bf5  6. e3   e6  7. Bxc4   Bb4  8. O-O   O-O  9. Qe2   Bg6  10. Ne5  10... Nbd7  11. Nxg6   hxg6  12. Rd1   Qc7  13. Bd2   a5  14. e4   e5  15. d5   Nb6  16. dxc6   bxc6  17. Bb3   Nbd7  18. Bc4   Nb6  19. Bb3   Nbd7  20. Bc4  20... Nb6 1/2-1/2

[Event "Fredericia Chess 2024 WIM"]
[Site "Fredericia Denmark"]
[Date "2024.05.12"]
[Round "8.3"]
[White "Butenandt, Svenja"]
[Black "Bochnickova, Simona"]
[Result "1-0"]
[WhiteElo "2198"]
[BlackElo "2031"]
[WhiteFideId "12993859"]
[BlackFideId "14958562"]
[SourceTitle "Live"]

1. d4   Nf6  2. c4   c5  3. d5   b5  4. cxb5   a6  5. bxa6   g6  6. Nc3   Bg7  7. e4   O-O  8. Be2   Qa5  9. Bd2   Bxa6  10. Nf3  10... Bxe2  11. Qxe2   Qa6  12. a4   Qxe2+  13. Kxe2   d6  14. Bg5   Nbd7  15. Nd2   Rfb8  16. Rhb1   h6  17. Bh4   Rb4  18. Kd3   c4+  19. Kc2   Nc5  20. Ra3  20... g5  21. Bg3   Nfd7  22. a5   h5  23. h4   g4  24. f3   Rab8  25. a6   Nb6  26. Bf2   Rc8  27. a7   Na8  28. Na2   Rb5  29. Nxc4   Nxe4  30. fxe4  30... Rxc4+  31. Kd3   Rc8  32. b4   f5  33. Ra5   fxe4+  34. Kxe4   Rb7  35. b5   Rc2  36. Rc1   Rxf2  37. Nb4   Rf4+  38. Kxf4   Bh6+  39. Kf5   Bxc1  40. Nc6  40... Be3  41. Kg6   Bf2  42. Kxh5   g3  43. Kg6   Be1  44. Ra1   Bf2  45. h5   Rxb5  46. h6   Rb3  47. h7+   Kh8  48. Nd8  1-0

[Event "Fredericia Chess 2024 WIM"]
[Site "Fredericia Denmark"]
[Date "2024.05.12"]
[Round "8.4"]
[White "Zaritovskaja, Margarita"]
[Black "Jakobsen, Shanne Hedegaard"]
[Result "0-1"]
[WhiteElo "2033"]
[BlackElo "1956"]
[WhiteFideId "14149249"]
[BlackFideId "1462296"]
[SourceTitle "Live"]

1. d4   d5  2. c4   c6  3. Nf3   Nf6  4. Nbd2   e6  5. g3   Be7  6. Bg2   O-O  7. O-O   Nbd7  8. b3   b6  9. Qc2   c5  10. e4  10... Bb7  11. exd5   exd5  12. Bb2   Rc8  13. Rac1   Re8  14. Qb1   h6  15. Rfd1   dxc4  16. Nxc4   Be4  17. Qa1   Rc7  18. Nfe5   Qa8  19. Ne3   Nxe5  20. dxe5  20... Nh7  21. Nd5   Bxg2  22. Nxc7   Qc6  23. Rd3   Ng5  24. h4   Nf3+  25. Rxf3   Qxf3  26. Rc3   Qc6  27. Nxe8   Bh3  28. f3   Qxe8  29. Qe1   Be6  30. Rd3  30... Qb5  31. Bc1   Qxd3  0-1

[Event "Fredericia Chess 2024 WIM"]
[Site "Fredericia Denmark"]
[Date "2024.05.12"]
[Round "8.5"]
[White "Dalsberg, Sandra de Blecourt"]
[Black "Sevcikova, Lucia"]
[Result "1-0"]
[WhiteElo "2083"]
[BlackElo "2008"]
[BlackFideId "14940744"]
[SourceTitle "Live"]

1. d4   d5  2. c4   c6  3. cxd5   cxd5  4. Bf4   Nc6  5. e3   Nf6  6. Bd3   a6  7. Nc3   Bg4  8. Nge2   e6  9. f3   Bh5  10. O-O  10... Bd6  11. Rc1   Bg6  12. Na4   O-O  13. Nc5   Bxc5  14. Rxc5   Bxd3  15. Qxd3   Nh5  16. Rfc1   Nxf4  17. Nxf4   Qd7  18. Qc3   Rfd8  19. Nd3   f6  20. f4  20... g6  21. b4   Qd6  22. a4   Na7  23. a5   Rac8  24. Qc2   Rc6  25. Rxc6   Nxc6  26. Qc5   Qxc5  27. Nxc5   Nxb4  28. Nxb7   Rd7  29. Rc8+   Kg7  30. Nc5  30... Rd6  31. Rb8   Nc2  32. Rb6   Rxb6  33. axb6   Nb4  34. b7   Nc6  35. Nxa6  1-0

[Event "Fredericia Chess 2024 WIM"]
[Site "Fredericia Denmark"]
[Date "2024.05.12"]
[Round "9.1"]
[White "Bochnickova, Simona"]
[Black "Doluhanova, Evgeniya"]
[Result "1/2-1/2"]
[WhiteElo "2031"]
[BlackElo "2272"]
[WhiteFideId "14958562"]
[BlackFideId "14112035"]
[SourceTitle "Live"]

1. e4   e5  2. Nf3   Nc6  3. Bb5   Nf6  4. O-O   Nxe4  5. Re1   Nd6  6. Nxe5   Be7  7. Bf1   Nxe5  8. Rxe5   O-O  9. d4   Bf6  10. Bd3  10... g6  11. Bf4   Ne8  12. c3   d6  13. Re3   Ng7  14. Nd2   Nf5  15. Re1   Bg7  16. Ne4   h6  17. Qc2   Bd7  18. Re2   Bc6  19. Rae1   Nh4  20. f3  20... a5  21. Kf2   a4  22. Nd2   Qf6  23. Bg3   Ra5  24. Re7   h5  25. Rxc7   Nf5  26. Nc4   Rd5  27. Bxf5   gxf5  28. Bf4   Qh4+  29. Bg3   Qf6  30. Bf4  30... Qh4+  31. Bg3  1/2-1/2

[Event "Fredericia Chess 2024 WIM"]
[Site "Fredericia Denmark"]
[Date "2024.05.12"]
[Round "9.2"]
[White "Olde, Margareth"]
[Black "Martynkova, Olena"]
[Result "1-0"]
[WhiteElo "2145"]
[BlackElo "2202"]
[WhiteFideId "4503082"]
[BlackFideId "14134039"]
[SourceTitle "Live"]

1. d4   Nf6  2. c4   g6  3. Nc3   Bg7  4. e4   d6  5. h3   O-O  6. Be3   e5  7. d5   a5  8. g4   Na6  9. Nge2   Nc5  10. Ng3  10... Bd7  11. Qd2   c6  12. f3   cxd5  13. cxd5   a4  14. h4   Qa5  15. h5   a3  16. b4   Qxb4  17. Rc1   Na4  18. h6   Bh8  19. Nb5   Qxd2+  20. Bxd2  20... Rfc8  21. Nxd6   Rxc1+  22. Bxc1   Nc3  23. Bd2   Nxa2  24. Bc4   Nb4  25. Bxb4   a2  26. Bxa2   Rxa2  27. O-O   Ne8  28. Nxe8   Bxe8  29. Rc1   Ra8  30. Be7  30... f6  31. Rc7   b5  32. Rb7   Ra2  33. Nf1   Ra3  1-0